Statistiques concernant Les joueurs formés au Real Madrid (depuis 2000)

Cliquez ici pour prendre le quiz!

Statistiques générales

  • Ce quiz a été pris 314 fois
  • Le résultat moyen est 6 sur 29

Statistiques - réponses

AnnéeJoueursMatchsButs% Correct
1994Raul741323
83%
1999Iker Casillas7250
80%
2011Nacho1809
60%
2014Lucas Vazquez17221
56%
1996Guti54277
42%
2010Alvaro Morata9531
37%
2017Achraf Hakimi172
36%
2011Jesé9418
34%
2006Alvaro Arbeloa2506
32%
2016Marcos Llorente352
29%
2016Borja Mayoral317
17%
2018Sergio Reguilon200
16%
1983Manolo Sanchis71033
15%
2005Roberto Soldado274
12%
2003Borja Fernandez380
11%
2009Antonio Adan180
7%
2001Francisco Pavon1673
7%
2007Miguel Torres700
7%
2003Alvaro Mejia401
4%
2002Raul Bravo1304
4%
2005Ruben De la Red273
4%
2000Javier Portillo5817
3%
2002Ruben Gonzalez160
3%
2002Esteban Cambiasso671
1%
2006Javier Balboa152
1%
2003Juanfran110
1%
2001Oscar Minambres180
1%
1995Alvaro Benito323
0%
2003Antonio Nunez151
0%

Distribution des résultats

Percentile par nombre de réponses

% des personnes avec chaque résultat

Votre développement - résultats

Vous n’avez pas pris ce quiz